[Event "Odense-ch IM-2 2018"]
[Site "Odense"]
[Date "2018.10.12"]
[Round "1"]
[White "Bromann, Thorbjorn"]
[Black "Andersen, Rune"]
[Result "1-0"]
[WhiteElo "2387"]
[BlackElo "2137"]
[Annotator "TA"]
[PlyCount "39"]
[EventDate "2018.10.12"]
[EventType "tourn"]
[EventCountry "DEN"]
[SourceTitle "playchess.com"]
[Source "ChessBase"]
[SourceQuality "1"]

{[%evp 9,39,-65,40,53,82,73,124,125,246,234,267,257,296,279,308,278,342,345,347,305,295,304,305,297,360,317,328,341,426,400,451,414]} 1. d4 d5 2. Bg5 f6 3. Bh4 Nh6 4. e3 Nf5 5. Bg3 Nxg3 (5... h5 $1 $15 6. Bd3 Nc6) (5... h5 6. Be2 h4 7. Bh5+ Kd7 8. Bf4 g5 9. e4 dxe4 10. d5 gxf4 11. Bg4 Ke8 12. Bh5+ Kd7 {0-1 (51) Bromann,T (2384)-Gretarsson,H (2567) Reykjavik 2017}) 6. hxg3 $14 {D00: 1 d4 d5: Unusual lines} g6 $146 ({Predecessor:} 6... Bf5 7. c4 c6 8. Nc3 e6 9. Bd3 dxc4 10. Bxc4 Qd7 11. g4 Bg6 12. Nge2 Na6 {½-½ (34) Zilahi,G (2023)-Mihok,L (2262) Goed 2004}) 7. Bd3 {aiming for Bxg6+!} Bg7 {[#]} ({Better is} 7... Kf7) 8. Rxh7 $1 $16 {[%mdl 512] White is better.} Rxh7 (8... f5 $16 {was called for.} 9. Rxh8+ (9. Rxg7 Qd6 $16) 9... Bxh8) 9. Bxg6+ $18 Kf8 10. Bxh7 Qd6 11. Qh5 Nc6 12. Nc3 e6 13. Nf3 Bd7 14. Nh4 {[#] Black must now prevent Ng6+.} Ne7 15. O-O-O c5 16. Ne2 Be8 17. Ng6+ Nxg6 18. Bxg6 e5 19. dxe5 fxe5 20. Qf3+ {Precision: White = 73%, Black = 17%.} 1-0

[Event "Odense-ch IM-2 2018"]
[Site "Odense"]
[Date "2018.10.12"]
[Round "1"]
[White "Bromann (2383), IM Thorbjørn"]
[Black "Andersen, Rune"]
[Result "1-0"]
[WhiteElo "2383"]
[BlackElo "2137"]
[Annotator "TA"]
[PlyCount "39"]
[EventDate "2018.10.12"]
[EventType "tourn"]
[EventCountry "DEN"]
[SourceTitle "playchess.com"]
[Source "ChessBase"]
[SourceQuality "1"]

{[%evp 9,39,-46,58,32,70,70,131,124,232,231,246,248,281,284,274,284,336,325,322,291,284,302,312,287,361,302,347,344,414,416,461,423]} 1. d4 d5 2. Bg5 f6 3. Bh4 Nh6 4. e3 Nf5 5. Bg3 Nxg3 (5... h5 $15 6. Bd3 h4) (5... h5 6. Be2 h4 7. Bh5+ Kd7 8. Bf4 g5 9. e4 dxe4 10. d5 gxf4 11. Bg4 Ke8 12. Bh5+ Kd7 {0-1 (51) Bromann,T (2384)-Gretarsson,H (2567) Reykjavik 2017}) 6. hxg3 $14 {D00: 1 d4 d5: Unusual lines} g6 $146 ({Predecessor:} 6... Bf5 7. c4 c6 8. Nc3 e6 9. Bd3 dxc4 10. Bxc4 Qd7 11. g4 Bg6 12. Nge2 Na6 {½-½ (34) Zilahi,G (2023)-Mihok,L (2262) Goed 2004}) 7. Bd3 {Strongly threatening Bxg6+!} Bg7 {[#]} (7... f5 $14) 8. Rxh7 $1 $16 {[%mdl 512] White is clearly better.} Rxh7 (8... f5 $16 9. Rxh8+ (9. Rxg7 Qd6 $16) 9... Bxh8) 9. Bxg6+ $18 Kf8 10. Bxh7 Qd6 11. Qh5 Nc6 12. Nc3 e6 13. Nf3 Bd7 14. Nh4 Ne7 15. O-O-O c5 16. Ne2 Be8 17. Ng6+ Nxg6 18. Bxg6 e5 19. dxe5 fxe5 20. Qf3+ {Precision: White = 92%, Black = 12%.} 1-0

[Event "Odense-ch IM-2 2018"]
[Site "Odense"]
[Date "2018.10.12"]
[Round "1"]
[White "Pedersen, Steffen"]
[Black "Grove, Peter"]
[Result "1/2-1/2"]
[WhiteElo "2348"]
[BlackElo "2213"]
[Annotator "TA"]
[PlyCount "21"]
[EventDate "2018.10.12"]
[EventType "tourn"]
[EventCountry "DEN"]
[SourceTitle "playchess.com"]
[Source "ChessBase"]
[SourceQuality "1"]

{[%evp 18,21,28,14,24,28]} 1. d4 d5 2. c4 dxc4 3. Nf3 Nf6 4. e3 b5 5. a4 b4 6. Bxc4 {D25: Queen's Gambit Accepted: 4 e3: sidelines and 4...Bg4} e6 7. Nbd2 Bb7 8. a5 a6 9. O-O Be7 (9... c5 10. Nb3 Nbd7 11. dxc5 Nxc5 12. Nxc5 Bxc5 {1-0 (45) Bluebaum,M (2631)-Anand,V (2776) Karlsruhe/Baden-Baden 2018}) 10. Qe2 {LiveBook: 7 Games} Nbd7 11. e4 $146 ({Predecessor:} 11. Rd1 c5 12. Nb3 Qc7 {1-0 (36) Vogel,R (2426)-Plenca,J (2402) Prague 2016}) 1/2-1/2

[Event "Odense-ch IM-2 2018"]
[Site "Odense"]
[Date "2018.10.12"]
[Round "1"]
[White "Pedersen (2306), IM Steffen"]
[Black "Grove, Peter"]
[Result "1/2-1/2"]
[WhiteElo "2306"]
[BlackElo "2213"]
[Annotator "ChessBase"]
[PlyCount "21"]
[EventDate "2018.10.12"]
[EventType "tourn"]
[EventCountry "DEN"]
[SourceTitle "playchess.com"]
[Source "ChessBase"]
[SourceQuality "1"]
[TimeControl "40/5400+30:1800+30"]

1. d4 {[%emt 0:00:00]} d5 2. c4 dxc4 {[%emt 0:00:00]} 3. Nf3 {[%emt 0:00:59]} Nf6 {[%emt 0:00:37]} 4. e3 {[%emt 0:00:27]} b5 {[%emt 0:00:19]} 5. a4 {[%emt 0:12:29]} b4 {[%emt 0:01:22]} 6. Bxc4 {[%emt 0:00:55]} e6 {[%emt 0:00:15]} 7. Nbd2 {[%emt 0:23:08]} Bb7 {[%emt 0:00:50]} 8. a5 {[%emt 0:02:34]} a6 {[%emt 0:00:09]} 9. O-O {[%emt 0:00:51]} Be7 {[%emt 0:00:07]} 10. Qe2 {[%emt 0:03:24]} Nbd7 {[%emt 0:04:27]} 11. e4 {[%emt 0:22:38]} 1/2-1/2

[Event "Odense-ch IM-2 2018"]
[Site "Odense"]
[Date "2018.10.12"]
[Round "1"]
[White "Heimisson, Hilmir Freyr"]
[Black "Andersen, Lars Rene"]
[Result "1-0"]
[WhiteElo "2271"]
[BlackElo "2155"]
[Annotator "ChessBase"]
[PlyCount "55"]
[EventDate "2018.10.12"]
[EventType "tourn"]
[EventCountry "DEN"]
[SourceTitle "playchess.com"]
[Source "ChessBase"]
[SourceQuality "1"]
[TimeControl "40/5400+30:1800+30"]

1. d4 {[%emt 0:00:00]} g6 {[%emt 0:00:00]} 2. Nf3 {[%emt 0:00:00]} Bg7 {[%emt 0:00:00]} 3. g3 {[%emt 0:00:00]} Nf6 {[%emt 0:00:00]} 4. Bg2 {[%emt 0:00:00]} O-O {[%emt 0:00:00]} 5. O-O {[%emt 0:00:06]} d6 {[%emt 0:00:01]} 6. a4 {[%emt 0:00:04]} a5 {[%emt 0:02:04]} 7. Nc3 {[%emt 0:01:06]} Na6 {[%emt 0:00:37]} 8. e4 {[%emt 0:07:25]} c6 {[%emt 0:00:14]} 9. h3 {[%emt 0:05:19]} h6 {[%emt 0:01:01]} 10. Be3 {[%emt 0:01:02]} Nb4 {[%emt 0:00:52]} 11. Re1 {[%emt 0:03:19]} Qc7 {[%emt 0:01:06]} 12. Qd2 {[%emt 0:01:35]} Kh7 {[%emt 0:01:13]} 13. Rad1 {[%emt 0:01:27]} e5 {[%emt 0:00:33]} 14. dxe5 {[%emt 0:11:16]} dxe5 {[%emt 0:00:11]} 15. Bc5 {[%emt 0:00:04]} Be6 {[%emt 0:12:33]} 16. Bxf8 {[%emt 0:00:09]} Bxf8 {[%emt 0:00:05]} 17. Qe2 {[%emt 0:16:25]} Bc5 {[%emt 0:03:41]} 18. Rd2 {[%emt 0:02:29]} Re8 {[%emt 0:02:59]} 19. Red1 {[%emt 0:00:57]} Nd7 {[%emt 0:01:23]} 20. Rxd7 {[%emt 0:10:12]} Bxd7 {[%emt 0:07:20]} 21. Qc4 {[%emt 0:00:09]} Bxf2+ {[%emt 0:08:40]} 22. Kxf2 {[%emt 0:00:07]} Qb6+ {[%emt 0:00:40]} 23. Kf1 {[%emt 0:01:30]} Be6 {[%emt 0:01:25]} 24. Qe2 {[%emt 0:01:08]} Nxc2 {[%emt 0:12:39]} 25. Qxc2 {[%emt 0:01:04]} Bb3 {[%emt 0:00:25]} 26. Qf2 {[%emt 0:01:04]} Qa6+ {[%emt 0:01:22]} 27. Kg1 {[%emt 0:00:52]} Bxd1 {[%emt 0:00:10]} 28. Ng5+ {[%emt 0:00:32]} 1-0

[Event "Odense-ch IM-2 2018"]
[Site "Odense"]
[Date "2018.10.13"]
[Round "2"]
[White "Bromann, Thorbjorn"]
[Black "Pedersen, Steffen"]
[Result "1/2-1/2"]
[WhiteElo "2387"]
[BlackElo "2348"]
[Annotator "TA"]
[PlyCount "50"]
[EventDate "2018.10.12"]
[EventType "tourn"]
[EventCountry "DEN"]
[SourceTitle "playchess.com"]
[Source "ChessBase"]
[SourceQuality "1"]

{[%evp 17,50,0,0,0,0,0,0,0,0,0,0,0,0,0,14,5,6,6,27,0,0,-18,-17,-28,-33,-45,-54,-47,-46,-50,-67,-60,-50,-58,0]} 1. d4 d5 2. Bg5 c6 3. Nf3 h6 4. Bh4 Qb6 5. Qc1 Bf5 6. e3 e6 {D00: 1 d4 d5: Unusual lines} 7. c4 Be7 8. Bg3 Nf6 9. Nc3 O-O {LiveBook: 3 Games} 10. Be2 Qd8 $146 ({Predecessor:} 10... dxc4 11. Nd2 Qd8 12. Nxc4 Ne4 13. Nxe4 Bxe4 14. O-O {1-0 (41) Bromann,T (2438)-Pedersen,D (2254) Denmark 2015}) 11. O-O Nbd7 12. h3 dxc4 13. Bxc4 a6 14. Rd1 b5 15. Be2 Qb6 16. Ne5 Nxe5 17. Bxe5 Bg6 18. Bf3 Rac8 19. Bxf6 Bxf6 20. Be4 c5 {[%cal Rc5d4]} 21. dxc5 {Black is slightly better.} Rxc5 {[#] Hoping for ...Bxe4.} 22. Bxg6 fxg6 23. Qb1 Bxc3 24. bxc3 Kh7 25. Qb4 Rfc8 {Precision: White = 47%, Black = 83%.} ({Black should try} 25... a5 $15 26. Qa3 Qc6) 1/2-1/2

[Event "Odense-ch IM-2 2018"]
[Site "Odense"]
[Date "2018.10.13"]
[Round "2"]
[White "Grove, Peter"]
[Black "Heimisson, Hilmir Freyr"]
[Result "1-0"]
[WhiteElo "2213"]
[BlackElo "2271"]
[Annotator "TA"]
[PlyCount "132"]
[EventDate "2018.10.12"]
[EventType "tourn"]
[EventCountry "DEN"]
[SourceTitle "playchess.com"]
[Source "ChessBase"]
[SourceQuality "1"]

{[%evp 18,132,17,-17,15,0,0,0,0,0,7,0,31,39,29,24,39,0,0,0,0,0,0,0,10,-41,0,0,0,0,30,23,34,36,42,-3,-3,-1,0,-156,-153,-187,-162,-151,-148,-235,-225,-243,-256,-256,-244,-262,-253,-268,-268,-268,-268,-265,0,-39,0,0,331,337,338,325,320,277,276,245,239,266,211,172,243,260,264,260,260,257,255,48,48,48,44,77,623,623,604,604,616,613,591,600,29968,29969,29968,29970,29974,29975,29979,29980,29982,29983,29982,29983,29988,29989,29989,29990,29992,29993,29993,29994,29994,29995,29995]} 1. Nf3 d5 2. g3 c5 3. Bg2 Nf6 4. O-O e6 5. c4 d4 6. e3 Nc6 7. exd4 cxd4 8. d3 Be7 {A13: English Opening: 1...e6} 9. Re1 (9. b3 O-O 10. Na3 e5 11. Nc2 Nd7 12. a3 a5 13. Rb1 Nc5 14. b4 axb4 15. axb4 Na4 16. Bd2 {0-1 (47) Wei,Y (2739)-Karjakin,S (2760) Medias 2017}) 9... O-O 10. Nbd2 {LiveBook: 5 Games} Bd6 $146 {The position is equal.} ({Predecessor:} 10... Nd7 11. a3 a5 12. b3 e5 13. Rb1 Re8 14. Ne4 f5 15. Neg5 Bf6 16. b4 axb4 17. axb4 {0-1 (44) Mikhalevski,V (2571)-Venkatesh,M (2460) Caleta 2015}) 11. a3 a5 $1 12. b3 Re8 13. Ng5 h6 14. Nge4 Nxe4 15. Nxe4 Bf8 16. f4 e5 17. Nf2 exf4 18. Rxe8 Qxe8 19. Bxf4 Bf5 20. Qf3 Bg6 21. g4 (21. Kf1 $11) 21... Qd8 22. Qd5 Qf6 $36 {[%mdl 2048] Black has the initiative.} 23. Bg3 Rd8 24. Qb5 Bd6 25. Bxd6 Qxd6 26. Re1 (26. b4 $5) 26... Qxa3 27. Qxb7 Nb4 28. Qb6 $2 (28. Qe7 $1 $11 Rf8 29. Bc6) 28... Rf8 $17 29. c5 Qxb3 {aiming for ...Qc3.} 30. Qxa5 Qc3 31. Rb1 (31. Ra1 $17) 31... Nxd3 $19 32. Qxc3 dxc3 33. Nxd3 Bxd3 {[%mdl 4096] Endgame KRB-KRB} 34. Rc1 c2 35. Kf2 Rc8 36. Ke3 Bg6 37. c6 Kf8 $2 (37... Rd8 $1 $19 {[%cal Rd8d1]} 38. Bf3 Rd3+ 39. Ke2 Ra3) 38. Kd4 $1 $15 Ra8 {...Ke7 is the strong threat.} 39. Kc5 Ke7 $2 {[%mdl 8192]} (39... Rc8 $1 $11 {and Black stays safe.}) 40. Re1+ $18 Kf6 41. c7 Re8 42. Rf1+ Kg5 43. Bb7 Bd3 {[#]} 44. Rc1 $1 Kxg4 45. c8=Q+ Rxc8+ 46. Bxc8+ Kf3 {Threatens to win with ...Ke3.} 47. Kd4 Ke2 {Strongly threatening ...Kd2.} 48. Kc3 f5 49. Bb7 $2 (49. Bd7 $18) 49... f4 $14 {[#]} 50. Bf3+ $1 {[%mdl 512]} Ke3 (50... Kxf3 51. Kxd3) 51. Bg4 {Hoping for Re1+.} g5 $2 {[%mdl 8192]} (51... g6 $16 52. Re1+ Kf2) 52. Re1+ $18 Kf2 53. Kd2 ({Weaker is} 53. Kxd3 Kxe1 54. Kxc2 Kf2 $11) 53... Bc4 54. Re5 Kg2 55. Rc5 Bf1 56. Rxc2 {White mates.} Kxh2 {[#]} 57. Ke1+ $1 Kg1 58. Rc6 Bg2 59. Rxh6 Be4 60. Ke2 Kg2 61. Rh5 f3+ 62. Ke3 f2 63. Kxe4 Kg3 64. Be2 g4 65. Rg5 Kh3 66. Kf4 f1=N {Precision: White = 61%, Black = 53%.} 1-0

[Event "Odense-ch IM-2 2018"]
[Site "Odense"]
[Date "2018.10.13"]
[Round "2"]
[White "Andersen, Rune"]
[Black "Andersen, Lars Rene"]
[Result "1-0"]
[WhiteElo "2137"]
[BlackElo "2155"]
[Annotator "TA"]
[PlyCount "81"]
[EventDate "2018.10.12"]
[EventType "tourn"]
[EventCountry "DEN"]
[SourceTitle "playchess.com"]
[Source "ChessBase"]
[SourceQuality "1"]

{[%evp 16,81,68,40,82,77,122,80,148,147,141,133,148,137,146,108,189,171,166,99,114,110,130,55,65,58,105,114,122,93,93,10,26,12,16,-39,0,0,49,39,87,70,77,0,14,12,10,29,79,79,62,0,81,11,16,21,47,22,107,38,535,551,610,589,568,550,1495,1466]} 1. d4 c5 2. d5 g6 3. c4 Bg7 4. Nc3 Nf6 5. e4 d6 6. Nge2 O-O 7. Ng3 e6 8. Be2 exd5 9. exd5 h6 {E70: King's Indian: Miscellaneous lines with 4 e4, including 5 Nge2 and 5 Bd3 0-0 6 Nge2} (9... h5 10. Bg5 Qb6 11. Qd2 Nh7 12. Be3 Nd7 13. O-O f5 14. Rfe1 Ne5 15. h3 Bd7 16. f4 Nf7 17. Bf3 {1-0 (41) Dobrov,V (2515)-Kovalev,V (2639) Riadh 2017}) 10. Bf4 $146 ({Predecessor:} 10. O-O Re8 11. Bf4 b6 12. Re1 a6 13. Qd2 g5 14. Be3 Ra7 15. h3 Rae7 16. Bd3 Bd7 17. a4 {1-0 (59) Pazos Gambarrotti,P (2305)-Juarez Flores,G (2280) Novi Sad 1990}) 10... Qe7 11. O-O g5 (11... Rd8 $142) 12. Be3 Na6 13. a3 Bd7 14. Qd2 Rae8 15. Rac1 Nh7 (15... Qd8 $16) 16. Rce1 $18 Qd8 17. Nh5 (17. Bd3 $18) 17... Bh8 $16 18. Kh1 f5 19. g3 (19. f4 $16) 19... Nc7 20. Kg2 Re7 21. h4 Ref7 22. hxg5 hxg5 {With the idea ...f4.} 23. f4 (23. Qc2 $16) 23... g4 $11 24. Rh1 Re7 25. Rh2 (25. b4 $11 Rfe8 26. Bf2) 25... a6 26. b4 $36 {[%mdl 2048] White is pushing.} b6 27. Nd1 Rfe8 28. Bd3 Qa8 29. Bc2 (29. Kf1 $16) 29... Nf8 30. Kf2 a5 31. b5 Rh7 32. Reh1 Ree7 33. Bd3 (33. a4 $14) 33... Qc8 (33... Nxd5 $11 34. cxd5 Qxd5) 34. Kg1 ({Better is} 34. Qc2 $16) 34... Be8 $1 35. Bf2 Bg6 {next ...Qe8 is good for Black.} 36. Ne3 {[%cal Bd1e3,Be3g4,Bg4h6][%mdl 32]} Rhf7 (36... Qd7 $11) 37. Qc2 (37. Ng2 $16) 37... Bd4 $2 {[%mdl 8192] [#]} ({Black should play} 37... Rxe3 $1 $14 38. Bxe3 Rh7) 38. Nxg4 $1 $18 {[%mdl 512] White is clearly winning.} Re1+ (38... fxg4 39. Bxg6) 39. Kg2 Rxh1 40. Rxh1 Bxf2 41. Nh6+ {Precision: White = 47%, Black = 27%.} 1-0

[Event "Odense-ch IM-2 2018"]
[Site "Odense"]
[Date "2018.10.13"]
[Round "3"]
[White "Pedersen, Steffen"]
[Black "Andersen, Rune"]
[Result "1/2-1/2"]
[WhiteElo "2348"]
[BlackElo "2137"]
[Annotator "TA"]
[PlyCount "61"]
[EventDate "2018.10.12"]
[EventType "tourn"]
[EventCountry "DEN"]
[SourceTitle "playchess.com"]
[Source "ChessBase"]
[SourceQuality "1"]

{[%evp 18,61,0,0,14,0,0,0,2,-20,-16,-15,-5,-10,-17,-19,-15,-19,24,-13,0,-10,0,0,5,8,10,0,22,14,18,8,20,6,4,4,7,0,0,0,0,0,30,0,0,-4]} 1. d4 d5 2. c4 c6 3. Nf3 Nf6 4. e3 Bg4 5. h3 Bh5 6. Nc3 e6 7. Be2 Nbd7 8. O-O Bd6 9. b3 O-O 10. Bb2 a6 {A12: English Opening: 1...c6 with b3 by White} 11. Qc2 (11. Ne5 Bxe2 12. Nxe2 Qc7 13. Nd3 dxc4 14. bxc4 b5 15. Rc1 {½-½ (81) Karjakin,S (2785)-Morozevich,A (2676) Doha 2016}) 11... Rc8 12. Rad1 $146 ({Predecessor:} 12. e4 Bg6 13. Bd3 e5 14. exd5 cxd5 15. Bxg6 hxg6 16. dxe5 Nxe5 17. Nxe5 Bxe5 {0-1 (37) Thompson,I (2153)-Cruz Lledo,P (2415) Stockholm 2016}) 12... b5 13. Rfe1 (13. e4 $5 {[%cal Re4e5]}) 13... Bb8 14. Nd2 Qc7 {[#] ( -> ...Qh2+)} 15. Nf1 Bg6 16. Bd3 Bxd3 17. Qxd3 Nb6 {[%cal Rd5c4]} 18. cxb5 cxb5 19. Rc1 {aiming for Ba3.} Qd6 20. Ne2 Ne4 21. f3 Nf6 22. Qd2 Qd7 23. Ba3 Rfe8 24. Rxc8 Rxc8 25. Rc1 Qb7 26. Bb4 h6 27. Nf4 Bxf4 28. exf4 Nbd7 29. Ng3 Rc6 30. Ne2 Nb8 31. Ba3 {Precision: White = 31%, Black = 70%.} 1/2-1/2

[Event "Odense-ch IM-2 2018"]
[Site "Odense"]
[Date "2018.10.13"]
[Round "3"]
[White "Heimisson, Hilmir Freyr"]
[Black "Bromann, Thorbjorn"]
[Result "0-1"]
[WhiteElo "2271"]
[BlackElo "2387"]
[Annotator "RC"]
[PlyCount "150"]
[EventDate "2018.10.12"]
[EventType "tourn"]
[EventCountry "DEN"]
[SourceTitle "playchess.com"]
[Source "ChessBase"]
[SourceQuality "1"]
[TimeControl "40/5400+30:1800+30"]

1. Nf3 {[%emt 0:00:00]} g6 {[%emt 0:05:28]} 2. d4 {[%emt 0:01:10]} Bg7 {[%emt 0:00:05]} 3. g3 {[%emt 0:00:49]} d6 {[%emt 0:06:55]} 4. Bg2 {[%emt 0:00:00]} Nc6 {[%emt 0:00:05]} 5. O-O {[%emt 0:02:03]} e5 {[%emt 0:00:43]} 6. dxe5 {[%emt 0:08:57]} dxe5 {[%emt 0:00:47]} 7. Qxd8+ {[%emt 0:02:57]} Nxd8 {[%emt 0:00:16]} 8. e4 {[%emt 0:01:45]} Be6 {[%emt 0:09:40]} 9. b3 {[%emt 0:03:44]} Ne7 {[%emt 0:01:44]} 10. Ba3 {[%emt 0:05:57]} f6 {[%emt 0:03:03]} 11. Rd1 {[%emt 0:03:30]} Nf7 {[%emt 0:00:49]} 12. Nc3 {[%emt 0:01:33]} c6 {[%emt 0:01:06]} 13. Bf1 {[%emt 0:03:24]} Nc8 {[%emt 0:07:06]} 14. Bc4 {[%emt 0:18:27]} Bxc4 {[%emt 0:04:24]} 15. bxc4 {[%emt 0:00:05]} Nb6 {[%emt 0:00:51]} 16. c5 {[%emt 0:13:39]} Nc4 {[%emt 0:00:30]} 17. Bc1 {[%emt 0:00:58]} Bf8 {[%emt 0:01:29]} 18. Rb1 {[%emt 0:00:38]} Nd8 {[%emt 0:05:35]} 19. Na4 {[%emt 0:04:13]} b5 {[%emt 0:15:25]} 20. cxb6 {[%emt 0:01:36]} axb6 {[%emt 0:00:08]} 21. Nxb6 {[%emt 0:00:09]} Nxb6 {[%emt 0:00:36]} 22. Rxb6 {[%emt 0:00:04]} Rxa2 {[%emt 0:00:06]} 23. Be3 {[%emt 0:03:58]} Ra8 {[%emt 0:11:16]} 24. Kg2 {[%emt 0:03:36]} Rg8 {[%emt 0:03:24]} 25. h4 {[%emt 0:00:45]} h5 {[%emt 0:03:09]} 26. Ne1 {[%emt 0:10:25]} Rg7 {[%emt 0:03:44]} 27. Bh6 {[%emt 0:00:16]} Rc7 {[%emt 0:00:25]} 28. Bxf8 {[%emt 0:00:21]} Kxf8 {[%emt 0:00:02]} 29. Nd3 {[%emt 0:00:20]} Ke7 {[%emt 0:02:43]} 30. Nb4 {[%emt 0:01:17]} Rd7 {[%emt 0:02:36]} 31. Rb1 {[%emt 0:01:14]} Rc8 {[%emt 0:01:32]} 32. Rb3 {[%emt 0:01:06]} Rd4 {[%emt 0:02:32]} 33. Kf3 {[%emt 0:01:14]} Rc4 {[%emt 0:00:29]} 34. Ra3 {[%emt 0:01:09]} Rc7 {[%emt 0:02:10]} 35. Ra8 {[%emt 0:01:49]} Rb7 {[%emt 0:05:52]} 36. Rxb7+ {[%emt 0:02:43]} Nxb7 {[%emt 0:00:02]} 37. Nd3 {[%emt 0:01:13]} Nd6 {[%emt 0:00:33]} 38. Ra7+ {[%emt 0:00:58]} Ke6 {[%emt 0:01:07]} 39. Rg7 {[%emt 0:00:35]} Rxc2 {[%emt 0:00:30]} 40. Rxg6 {[%emt 0:00:44]} Rc3 {[%emt 0:00:31]} 41. Ke3 {[%emt 0:30:24]} c5 {[%emt 0:05:08]} 42. Ke2 {[%emt 0:00:00]} Nxe4 {[%emt 0:01:32]} 43. g4 {[%emt 0:00:00]} hxg4 {[%emt 0:04:41]} 44. Rxg4 {[%emt 0:00:00]} Kf5 {[%emt 0:13:07]} 45. Rg1 {[%emt 0:00:00]} c4 {[%emt 0:02:01]} 46. Nb4 {[%emt 0:00:00]} Rh3 {[%emt 0:03:38]} 47. Nc2 {[%emt 0:00:00]} Rh2 {[%emt 0:01:21]} 48. Ne3+ {[%emt 0:00:00]} Ke6 {[%emt 0:00:10]} 49. Nxc4 {[%emt 0:00:00]} Rxf2+ {[%emt 0:00:59]} 50. Kd3 {[%emt 0:00:00]} Rf4 {[%emt 0:00:29]} 51. Ne3 {[%emt 0:00:00]} Rxh4 {[%emt 0:00:28]} 52. Rb1 {[%emt 0:00:00]} Nd6 {[%emt 0:00:53]} 53. Rb6 {[%emt 0:00:00]} Rd4+ {[%emt 0:00:13]} 54. Ke2 {[%emt 0:00:00]} f5 {[%emt 0:00:20]} 55. Kf3 {[%emt 0:00:00]} f4 {[%emt 0:00:46]} 56. Ng4 {[%emt 0:00:00]} Rd3+ {[%emt 0:01:18]} 57. Ke2 {[%emt 0:00:00]} Rg3 {[%emt 0:00:12]} 58. Nf2 {[%emt 0:00:03]} Re3+ {[%emt 0:00:09]} 59. Kf1 {[%emt 0:00:36]} Kd5 {[%emt 0:00:16]} 60. Ra6 {[%emt 0:00:26]} Nc4 {[%emt 0:00:41]} 61. Ra8 {[%emt 0:01:17]} Nd2+ {[%emt 0:01:22]} 62. Kg2 {[%emt 0:00:05]} Rg3+ {[%emt 0:00:31]} 63. Kh1 {[%emt 0:00:01]} Nf3 {[%emt 0:00:29]} 64. Ra1 {[%emt 0:00:28]} Rg8 {[%emt 0:01:10]} 65. Rd1+ {[%emt 0:01:05]} Ke6 {[%emt 0:00:32]} 66. Ne4 {[%emt 0:00:26]} Kf5 {[%emt 0:00:27]} 67. Nd6+ {[%emt 0:00:32]} Kg4 {[%emt 0:00:34]} 68. Nf7 {[%emt 0:00:33]} Kg3 {[%emt 0:00:31]} 69. Rd6 {[%emt 0:02:28]} Rg7 {[%emt 0:00:29]} 70. Nh6 {[%emt 0:00:24]} Rh7 {[%emt 0:00:32]} 71. Rg6+ {[%emt 0:00:24]} Kf2 {[%emt 0:00:17]} 72. Rg2+ {[%emt 0:00:11]} Ke3 {[%emt 0:00:26]} 73. Rg6 {[%emt 0:00:16]} Ke4 {[%emt 0:00:47]} 74. Ra6 {[%emt 0:00:13]} Rg7 {[%emt 0:00:31]} 75. Ra4+ {[%emt 0:00:10]} Nd4 {[%emt 0:00:11]} 0-1